00611 2200229 4500001002100000005001700021008004100038035002400079082001000103090001700113100001700130245009200147250001100239260002900250300002700279650001200306700002000318850000900338980001300347985000600360999001500366YOGYA-0209000000362520090227020637.0 ind  0010-020900000003625 a613.2 a613.2bBel I aBELLAART,A.C aIkhtisar ringkasan vitamin dan hormon terpentingcACBellaart;Penerjemah,Martin Muliawan aCet. 4 aJakartabDjambatanc1983 avi,84 hlmbIlusc21 cm aVitamin aMuliawan,Martin aBPAD a23-02-06 a1 a93P0046561